000 00292nam a22001337a 4500
008 170920b xxu||||| |||| 00| 0 eng d
020 _a9780865057883
041 _aeng
080 _a7
100 _a45
101 _aART
245 _aMODELS CRAFT WORKSHOP
_cTHOMSON.R
942 _2udc
_cBK
999 _c28532
_d28532